Statistics for Fawlty Towers: Episode Titles

Click here to take the quiz!

General Stats

  • This quiz has been taken 52 times
  • The average score is 9 of 12

Answer Stats

HintAnswer% Correct
tG - "I mentioned it once, but I think I got away with it"The Germans
98%
BtR - Health Inspector and something in the ratatouilleBasil the Rat
83%
tB - "where is door?"The Builders
83%
WS - The American guest is unhappyWaldorf Salad
81%
tHI - Basil is tipped that people are coming to rate the hotelThe Hotel Inspectors
79%
aToC - Lord MelburyA Touch of Class
74%
tP - "How often do you an your wife manage it?"The Psychiatrist
74%
GN - but chef is an alcoholicGourmet Night
72%
tA - "Syb ill?" Polly pretends to be a sick SybilThe Anniversary
72%
CP - a DEAF (hint) guest, missing money, and a horse raceCommunication Problems
64%
tKatC - a guest dies. food poisoning?The Kipper and the Corpse
64%
tWP - Basil suspects 2 couples are "disgusting"The Wedding Party
60%

Score Distribution

Percentile by Number Answered

Percent of People with Each Score

Your Score History

You have not taken this quiz